LEADER 01750nam1-2200421---450- 001 990001685680203316 005 20040520180704.0 035 $a000168568 035 $aUSA01000168568 035 $a(ALEPH)000168568USA01 035 $a000168568 100 $a20040520g1959----km-y0itay0103----ba 101 0 $aita 102 $aIT 105 $a||||||||001yy 200 1 $a9. censimento generale della popolazione, 3. censimento generale dell'industria e del commercio$e4-5 novembre 1951$eCaratteristiche demografiche ed economiche dei grandi comuni$fIstituto Centrale di Statistica 210 $aRoma$cISTAT$d1959- 215 $av.$d31 cm 410 0$12001 454 1$12001 461 1$12001 463 \1$1001990001685660203316$12001 $a<> : Comuni da 60.000 fino a 100.000 abitanti 463 \1$1001990001685700203316$12001 $a<> : Dati riassuntivi e dati dei comuni con oltre 100.000 abitanti 463 \1$1001990001685770203316$12001 $a<> : Comuni fino a 60.000 abitanti 517 1 $aCaratteristiche demografiche ed economiche dei grandi comuni 517 1 $aNono censimento generale della popolazione : terzo censimento generale dell'industria e del commercio : 4-5 novembre 1951 : caratteristiche demografiche ed economiche dei grandi comuni 676 $a312 710 02$aISTAT$0374421 801 0$aIT$bsalbc$gISBD 912 $a990001685680203316 951 $aI i 433$bL.M.$cI i 959 $aBK 969 $aUMA 979 $aSIAV6$b10$c20040520$lUSA01$h1803 979 $aSIAV6$b10$c20040520$lUSA01$h1806 979 $aSIAV6$b10$c20040520$lUSA01$h1807 996 $a9. censimento generale della popolazione, 3. censimento generale dell'industria e del commercio$9948745 997 $aUNISA LEADER 01216nam a2200265 i 4500 001 991002837249707536 008 151008m19641965fr 000 0 fre d 035 $ab14240336-39ule_inst 040 $aBibl. Dip.le Aggr. Matematica e Fisica - Sez. Matematica$beng 082 0 $a512.5 084 $aAMS 15-01 100 1 $aSouriau, Jean-Marie$047077 245 10$aCalcul linéaire /$cpar Jean-Marie Souriau 260 $aParis :$bPresses Universitaires de France,$c1964-65 300 $a2 v. (523 p.) :$c;19 cm 440 0$a"Euclide".$pIntroduction aux études scientifiques. Mathématiques et astronomie mathématique 500 $aTome 1 (2. éd.) has subtitle: Méthodes mathématiques de la physique 650 0$aCalculus 907 $a.b14240336$b21-10-15$c08-10-15 912 $a991002837249707536 945 $aLE013 Fondo Cattaneo 15-XX SOU11 V.I (1964)$cV. 1$g1$i2013000226477$lle013$og$pE22.00$q-$rn$s- $t1$u0$v0$w0$x0$y.i15701347$z21-10-15 945 $aLE013 Fondo Cattaneo 15-XX SOU11 V.II (1965)$cV. 2$g1$i2013000226484$lle013$og$pE22.00$q-$rn$s- $t0$u0$v0$w0$x0$y.i15701359$z21-10-15 996 $aCalcul linéaire$9255875 997 $aUNISALENTO 998 $ale013$b08-10-15$cm$da $e-$ffre$gfr $h0$i0